000 00853nam a2200253 a 4500
001 57587
003 BD-RjUL
005 20211209080531.0
008 161210s1996 ii c b 001 0 eng
020 _a9840513427
035 _a(BD-RjUL)57711
035 _a1014238
040 _aLCLOW
_beng
_cLCLOW
_dANL:NR
041 _aeng
082 0 0 _223
_a305.420954
_bSOW 1996
100 1 _aSouthard, Barbara.
_9170992
245 1 4 _aThe women's movement and colonial politics in Bengal :
_bthe quest for political rights, education, and social reform legislation, 1921-1936 /
_cBarbara Southard.
260 _aNew Delhi :
_bManohar,
_c1996
300 _ax, 317 p. :
_bill. ;
_c23 cm.
504 _aIncludes bibliographical references (p. [293]-304) and index.
650 0 _aWomen's rights
_xIndia.
_9170993
942 _2ddc
_cBK
999 _c57587
_d57587